| 000 | 00676nam a2200241Ia 4500 | ||
|---|---|---|---|
| 003 | OSt | ||
| 005 | 20221005090737.0 | ||
| 006 | a|||||r|||| 00| 0 | ||
| 007 | ta | ||
| 008 | 221004b |||||||| |||| 00| 0 eng d | ||
| 024 | _a18600 | ||
| 037 |
_bGift, 03/06/2015, _cTextual |
||
| 040 |
_aCRL _cCRL _beng |
||
| 041 |
_2eng _aeng |
||
| 082 | _aR3xC65, K0 | ||
| 100 |
_aJ. Oates Whitney _9615572 |
||
| 245 | 0 | _aStoic and epicurean philosophers | |
| 260 |
_aNew York _bModern Library U.S.A _c1960 |
||
| 300 |
_axxvi, 627p. _ccm. |
||
| 650 | _aPHILOSOPHY | ||
| 942 |
_hR3xC65, K0 _cTEXL _2cc |
||
| 999 |
_c996296 _d996296 |
||